000 01361cam a22003377a 4500
003 CHAP
005 20220329135036.0
008 971013s1959 r 00010 d
010 _a30012
011 _a30984
035 _a35096
040 _cCHAP
082 _a337.918
_bN32m
110 0 0 _aOrganización de las Naciones Unidas.
_983534
245 1 3 _aEl mercado común latinoamericano
260 _aMéxico, D. F. :
_bNaciones Unidas,
_c1959
300 _a127 p.
505 _aContenido : El mercado común latinoamericano y el régimen de pagos multilaterales. La influencia del mercado común en el desarrollo de América Latina. La zona de libre comercio. Informe del segundo período de sesiones del Comité de comercio. La Se
590 _aBATCH-UPD
_b10
_c20130110
_lUCH01
_h1138
590 _aBATCH-UPD
_b10
_c20130410
_lUCH01
_h0725
590 _aBATCH-UPD
_b10
_c20130914
_lUCH01
_h0911
590 _aCONVERSION
_b10
_c20130109
_lUCH01
_h1317
650 1 4 _aMercado común Latinoamericano.
_974894
650 1 4 _aPolítica comercial
_xAmérica Latina.
_990471
710 0 _aCEPAL.
_921292
901 _aBK
942 _cLIBRO
949 _a337.918 N32m
_bBC
_cLIBRO
_d33724000351532
_eLIBRO
_fc.3
_i35096
_si
949 _a337.918 N32m
_bBC
_cLIBRO
_d33724000351540
_eLIBRO
_fc.2
_i35096
_si
949 _a337.918 N32m
_bBC
_cLIBRO
_d33724000351557
_eLIBRO
_i35096
_si
999 _c30012
_d30012